[Event "Ulaanbaatar Mica op 2nd"]
[Site "Ulaanbaatar"]
[Date "2022.03.27"]
[Round "8"]
[White "Tsogzolmaa, Nanjid"]
[Black "Bayasgalan, Khishigbaatar"]
[Result "1-0"]
[WhiteElo "1895"]
[BlackElo "1640"]
[PlyCount "57"]
[EventDate "2022.03.23"]
[EventType "swiss"]
[EventRounds "9"]
[EventCountry "MGL"]
[SourceTitle "CBM 207 Extra"]
[Source "ChessBase"]
[SourceDate "2022.05.31"]
[SourceVersion "1"]
[SourceVersionDate "2022.05.31"]
[SourceQuality "1"]

1. d4 Nf6 2. c4 c5 3. d5 e6 4. Nc3 exd5 5. cxd5 d6 6. e4 g6 7. f4 Bg7 8. Bb5+ Nfd7 9. Nf3 0-0 10. 0-0 a6 11. Bxd7 Nxd7 12. a4 c4 13. Qe2 Qc7 14. Be3 Re8 15. Nd2 Nf6 16. Nxc4 Nxe4 17. Bb6 Bg4 18. Bxc7 Bxe2 19. Nxe2 Rac8 20. Bxd6 Rxc4 21. Ba3 Nd2 22. Rfe1 Rce4 23. Kf2 Rxe2+ 24. Rxe2 Bd4+ 25. Ke1 Ne4 26. Rd1 Bb6 27. d6 f5 28. d7 Ra8 29. Rc2 1-0

[Event "Ulaanbaatar Mica op 2nd"]
[Site "Ulaanbaatar"]
[Date "2022.03.25"]
[Round "5"]
[White "Tugsbayasgalan, Bayanmunkh"]
[Black "Tsogzolmaa, Nanjid"]
[Result "0-1"]
[WhiteElo "1620"]
[BlackElo "1895"]
[PlyCount "61"]
[EventDate "2022.03.23"]
[EventType "swiss"]
[EventRounds "9"]
[EventCountry "MGL"]
[SourceTitle "CBM 207 Extra"]
[Source "ChessBase"]
[SourceDate "2022.05.31"]
[SourceVersion "1"]
[SourceVersionDate "2022.05.31"]
[SourceQuality "1"]

1. e4 e6 2. d4 d5 3. Nc3 dxe4 4. Nxe4 Nf6 5. Bg5 Be7 6. Bxf6 Bxf6 7. Nxf6+ Qxf6 8. Nf3 0-0 9. Bc4 b6 10. 0-0 Bb7 11. Qe2 Nd7 12. Rad1 Rfd8 13. Rfe1 Nf8 14. Ba6 Bxf3 15. Qxf3 Qxf3 16. gxf3 Rd6 17. Bc4 Rad8 18. c3 c5 19. Re4 g6 20. Kf1 Kg7 21. Ke2 f5 22. Rh4 g5 23. Rg1 h6 24. dxc5 bxc5 25. Bb3 Rd2+ 26. Ke1 Rxb2 27. Rg2 Ng6 28. Ra4 Kf6 29. h4 Nxh4 30. Rg3 Ng6 31. Rh3 0-1

[Event "Wch FIDE Online U16 Girls Asia qual"]
[Site "Tornelo INT"]
[Date "2020.12.13"]
[Round "6"]
[White "Zhou, Shujun"]
[Black "Tsogzolmaa, Nanjid"]
[Result "1-0"]
[WhiteElo "1716"]
[BlackElo "1895"]
[PlyCount "105"]
[EventDate "2020.12.11"]
[EventType "swiss (rapid)"]
[EventRounds "7"]
[EventCountry "ISS"]
[SourceTitle "EXT 2022"]
[Source "ChessBase"]
[SourceDate "2021.10.06"]
[SourceVersion "1"]
[SourceVersionDate "2021.10.06"]
[SourceQuality "1"]

1. d4 Nf6 2. c4 e6 3. Nc3 c5 4. d5 exd5 5. cxd5 d6 6. g3 g6 7. Nf3 Bg7 8. Bg2 0-0 9. 0-0 Re8 10. h3 a6 11. a4 Bf5 12. g4 Be4 13. Bf4 Qe7 14. Nd2 Bxg2 15. Kxg2 Nbd7 16. Bg3 Rac8 17. e4 c4 18. Qe2 Nc5 19. f3 Nd3 20. Nxc4 Rxc4 21. Qxd3 Rec8 22. Rfc1 Nd7 23. Qe3 Bd4 24. Qe2 Bxc3 25. bxc3 Rxc3 26. Rxc3 Rxc3 27. Qb2 Rc7 28. Qb4 Nc5 29. Qb6 Rd7 30. a5 Rd8 31. Rc1 Nd3 32. Rc7 Qg5 33. Rc2 Qe7 34. Rc7 Qg5 35. Rc2 Qe7 36. h4 Ne5 37. Rc7 Qf6 38. Qe3 Rb8 39. g5 Qd8 40. Qc3 f6 41. gxf6 Qxf6 42. Bxe5 Qxe5 43. Qxe5 dxe5 44. d6 Rd8 45. d7 Kf7 46. Rxb7 Ke7 47. Rb6 Rxd7 48. Rxa6 Kf7 49. Kg3 Kg7 50. Rb6 Ra7 51. a6 Kg8 52. Rb8+ Kg7 53. Rb7+ 1-0

[Event "Wch Blitz (Women)"]
[Site "Moscow"]
[Date "2019.12.29"]
[Round "9"]
[White "Tsogzolmaa, Nanjid"]
[Black "Mammadzada, Gunay Vuqar Qizi"]
[Result "0-1"]
[WhiteElo "1884"]
[BlackElo "2455"]
[PlyCount "108"]
[EventDate "2019.12.29"]
[EventType "swiss (blitz)"]
[EventRounds "17"]
[EventCountry "RUS"]
[SourceTitle "CBM 193 Extra"]
[Source "ChessBase"]
[SourceDate "2020.01.31"]
[SourceVersion "1"]
[SourceVersionDate "2020.01.31"]
[SourceQuality "1"]

1. d4 d5 2. Nf3 Nf6 3. Bf4 e6 4. e3 Bd6 5. Bg3 c5 6. Nbd2 0-0 7. c3 Nc6 8. Bd3 b6 9. e4 Be7 10. e5 Nh5 11. 0-0 a5 12. Qe2 cxd4 13. Nxd4 Nxg3 14. hxg3 Qc7 15. N2f3 Nxd4 16. cxd4 Qa7 17. Qc2 g6 18. g4 Ba6 19. g3 Rac8 20. Qe2 Bxd3 21. Qxd3 Qc7 22. Kg2 Qc2 23. Qe3 Rfe8 24. Rh1 Bf8 25. Ng5 h6 26. Nf3 Qxb2 27. Rab1 Qxa2 28. Rxb6 Qc2 29. Rb7 Qe4 30. Qb3 Bb4 31. Qe3 Rc3 32. Qxe4 dxe4 33. Nd2 e3 34. fxe3 Rc2 35. Rxh6 Rxd2+ 36. Kf3 Kg7 37. Rh1 Rc8 38. Rf1 Rdc2 39. Ke4 R2c7 40. Rb5 Rc3 41. Rb7 R8c7 42. Rb5 Ra3 43. g5 Be7 44. Kf4 a4 45. Rb8 Rb3 46. Ra8 a3 47. Rh1 Bxg5+ 48. Kxg5 Rxe3 49. Kf4 Rcc3 50. Rhh8 Rf3+ 51. Kg4 Rxg3+ 52. Kf4 Rcf3+ 53. Ke4 Re3+ 54. Kf4 g5# 0-1

[Event "Wch Rapid (Women)"]
[Site "Moscow"]
[Date "2019.12.27"]
[Round "6"]
[White "Tsogzolmaa, Nanjid"]
[Black "Lysenko, Margarita"]
[Result "0-1"]
[WhiteElo "1884"]
[BlackElo "2290"]
[PlyCount "141"]
[EventDate "2019.12.26"]
[EventType "swiss (rapid)"]
[EventRounds "12"]
[EventCountry "RUS"]
[SourceTitle "CBM 193 Extra"]
[Source "ChessBase"]
[SourceDate "2020.01.31"]
[SourceVersion "1"]
[SourceVersionDate "2020.01.31"]
[SourceQuality "1"]

1. d4 Nf6 2. Nf3 e6 3. Bf4 c5 4. e3 Qb6 5. Na3 d5 6. Nb5 Na6 7. a4 c4 8. Ne5 Be7 9. Be2 0-0 10. 0-0 Ne4 11. b3 f6 12. Nf3 g5 13. Bg3 Nxg3 14. hxg3 cxb3 15. cxb3 Bd7 16. g4 Nb4 17. g3 a6 18. Nc3 Rac8 19. Rc1 Rc7 20. Kg2 Rfc8 21. Qd2 Be8 22. e4 dxe4 23. Nxe4 Bg6 24. Nc3 Kg7 25. Bc4 Rd8 26. Qe2 Bf7 27. Rfe1 Rc6 28. Ne4 Nd5 29. Nc3 Nxc3 30. Rxc3 Bb4 31. Re3 Bxe1 32. Qxe1 Rcd6 33. Qe2 Qc6 34. Kh2 Rb8 35. Qb2 b5 36. axb5 axb5 37. Bd3 h6 38. Be4 Qd7 39. Qe2 b4 40. Bd3 h5 41. gxh5 Bxh5 42. Bc2 Rh8 43. Kg1 Bxf3 44. Qxf3 Rxd4 45. Re1 Qd5 46. Be4 Qd7 47. Qe2 Rc8 48. Qh5 Rxe4 49. Rxe4 Rc1+ 50. Kh2 Qd5 51. Qf3 f5 52. Re3 Qxf3 53. Rxf3 Rc3 54. Kg2 g4 55. Rf4 Rxb3 56. Rc4 Kf6 57. Rc5 Rc3 58. Rb5 b3 59. Kf1 e5 60. Rb6+ Ke7 61. Ke2 Rc2+ 62. Ke3 b2 63. Rb5 Kd6 64. Rb8 Kd5 65. Rb5+ Kc4 66. Rb7 Kc3 67. Rb6 Rc1 68. Rc6+ Kb3 69. Rb6+ Kc2 70. Rc6+ Kd1 71. Rd6+ 0-1

[Event "Wch Rapid (Women)"]
[Site "Moscow"]
[Date "2019.12.26"]
[Round "2"]
[White "Tsogzolmaa, Nanjid"]
[Black "Shafigullina, Zarina"]
[Result "1/2-1/2"]
[WhiteElo "1884"]
[BlackElo "2269"]
[PlyCount "120"]
[EventDate "2019.12.26"]
[EventType "swiss (rapid)"]
[EventRounds "12"]
[EventCountry "RUS"]
[SourceTitle "CBM 193 Extra"]
[Source "ChessBase"]
[SourceDate "2020.01.31"]
[SourceVersion "1"]
[SourceVersionDate "2020.01.31"]
[SourceQuality "1"]

1. d4 Nf6 2. Nf3 e6 3. Bf4 c5 4. e3 Nc6 5. Nbd2 Be7 6. c3 Nh5 7. Be5 d6 8. Bg3 Nxg3 9. hxg3 cxd4 10. exd4 e5 11. Bb5 exd4 12. Nxd4 Bd7 13. N2f3 Ne5 14. 0-0 0-0 15. Re1 Bf6 16. Bxd7 Qxd7 17. Qc2 Rfe8 18. Red1 g6 19. a4 a6 20. Qb3 Rac8 21. Nxe5 dxe5 22. Nb5 Qe6 23. Qxe6 Rxe6 24. Nd6 Rc7 25. Ne4 Be7 26. g4 Kg7 27. Ng3 Rb6 28. Rd2 Bg5 29. Re2 Bf4 30. a5 Rb3 31. Ne4 f5 32. gxf5 gxf5 33. Nd6 Kg6 34. g3 Bg5 35. Rxe5 Rxb2 36. Re6+ Kh5 37. Nxf5 Kg4 38. Ne3+ Kh3 39. Re5 Bxe3 40. Rxe3 Rc4 41. Kf1 Rc2 42. Rb1 R2xc3 43. Rxc3 Rxc3 44. Rxb7 Rc1+ 45. Ke2 Ra1 46. Rxh7+ Kg2 47. Rf7 Rxa5 48. g4 Kh3 49. f3 Kg3 50. Ke3 Re5+ 51. Kd4 Re6 52. g5 Kh4 53. f4 a5 54. Rf6 Re1 55. g6 Rg1 56. f5 a4 57. Ra6 Kg5 58. Ke5 Re1+ 59. Kd5 Kxf5 60. Rxa4 Kxg6 1/2-1/2

[Event "Belt and Road Hunan op-C"]
[Site "Changsha"]
[Date "2019.07.30"]
[Round "3"]
[White "Deng, Yingjia"]
[Black "Tsogzolmaa, Nanjid"]
[Result "0-1"]
[WhiteElo "1583"]
[BlackElo "1802"]
[PlyCount "54"]
[EventDate "2019.07.29"]
[EventType "swiss"]
[EventRounds "9"]
[EventCountry "CHN"]
[SourceTitle "EXT 2020"]
[Source "ChessBase"]
[SourceDate "2019.10.17"]
[SourceVersion "1"]
[SourceVersionDate "2019.10.17"]
[SourceQuality "1"]

1. d4 Nf6 2. c4 e6 3. Nf3 d5 4. e3 a6 5. Nfd2 dxc4 6. Nxc4 b5 7. Ne5 Bb7 8. Be2 Nfd7 9. 0-0 c5 10. Nxd7 Nxd7 11. b3 Be7 12. Bb2 0-0 13. Bc1 Rc8 14. Bd3 Nf6 15. Qe2 Nd5 16. Rd1 h6 17. Bb2 cxd4 18. Nd2 Qa5 19. Qg4 Nf6 20. Qg3 Rc1 21. Bxc1 Rd8 22. Bb2 Be4 23. Bxe4 Nxe4 24. Qf3 Qxa2 25. Qxe4 Qxb2 26. Rab1 Qa3 27. g3 Bf6 0-1

[Event "Eastern Asia-ch zt 3.3 (Women)"]
[Site "Ulaanbaatar"]
[Date "2019.04.10"]
[Round "4"]
[White "Nguyen, Thi Mai Hung"]
[Black "Tsogzolmaa, Nanjid"]
[Result "1/2-1/2"]
[WhiteElo "2281"]
[BlackElo "1815"]
[PlyCount "176"]
[EventDate "2019.04.07"]
[EventType "swiss"]
[EventRounds "9"]
[EventCountry "MGL"]
[SourceTitle "CBM 189 Extra"]
[Source "ChessBase"]
[SourceDate "2019.06.03"]
[SourceVersion "1"]
[SourceVersionDate "2019.06.03"]
[SourceQuality "1"]

1. d4 e6 2. c4 Nf6 3. g3 d5 4. Nf3 dxc4 5. Bg2 Bd7 6. 0-0 Bc6 7. Bg5 b5 8. a4 a6 9. Nc3 b4 10. Nb1 Nbd7 11. Qc1 h6 12. Bxf6 Nxf6 13. Nbd2 Be7 14. Nxc4 Bd5 15. Nce5 c5 16. dxc5 Rc8 17. Nd3 a5 18. Qe3 0-0 19. Rfc1 Qc7 20. Nd4 Rfd8 21. Bxd5 Rxd5 22. Nb3 Ng4 23. Qf4 Ne5 24. Rd1 Bf6 25. Ne1 Qd7 26. Rdb1 Qa7 27. Qe4 Qa6 28. Qc2 Qc4 29. Rc1 Qg4 30. f3 Qh3 31. Ng2 Ng6 32. e4 Rh5 33. Ne3 Bg5 34. Re1 Ne5 35. Qg2 Qxh2+ 36. Qxh2 Nxf3+ 37. Kf2 Nxh2 38. Rh1 Bxe3+ 39. Kxe3 Ng4+ 40. Kf4 Rxh1 41. Rxh1 Nf2 42. Rh2 Nd3+ 43. Ke3 Ne5 44. Rc2 Nc6 45. Nd4 Nb8 46. Nb3 Nc6 47. Nd4 Nb8 48. c6 e5 49. Nf5 Kf8 50. c7 Na6 51. Rc6 Nxc7 52. Nd6 Rd8 53. Nxf7 Kxf7 54. Rxc7+ Kf6 55. Ra7 Rc8 56. Ra6+ Kf7 57. Rxa5 Rc2 58. Rxe5 Rxb2 59. Rb5 Rb3+ 60. Kf4 g5+ 61. Kf5 Rf3+ 62. Kg4 Rb3 63. Rb6 h5+ 64. Kxh5 Rxg3 65. Rxb4 Ke6 66. a5 Ra3 67. Kxg5 Rxa5+ 68. Kf4 Ra6 69. Rb5 Rc6 70. Rh5 Rc1 71. Rh6+ Ke7 72. Kf5 Ra1 73. Rh7+ Ke8 74. e5 Ra6 75. Rb7 Rc6 76. Ke4 Rh6 77. Kd5 Rg6 78. Rh7 Ra6 79. Rb7 Rg6 80. Rb4 Ke7 81. Rc4 Rh6 82. Rc7+ Ke8 83. Rc6 Rxc6 84. Kxc6 Ke7 85. Kd5 Kd7 86. e6+ Ke7 87. Ke5 Ke8 88. Kd6 Kd8 1/2-1/2

[Event "Asia-ch U20 Girls"]
[Site "Ulaanbaatar"]
[Date "2018.08.25"]
[Round "9"]
[White "Bidhar, Rutumbara"]
[Black "Tsogzolmaa, Nanjid"]
[Result "0-1"]
[WhiteElo "2036"]
[BlackElo "1792"]
[PlyCount "98"]
[EventDate "2018.08.19"]
[EventType "swiss"]
[EventRounds "9"]
[EventCountry "MGL"]
[SourceTitle "CBM 186 Extra"]
[Source "ChessBase"]
[SourceDate "2018.08.24"]
[SourceVersion "1"]
[SourceVersionDate "2018.08.24"]
[SourceQuality "1"]

1. e4 e6 2. d4 d5 3. exd5 exd5 4. Bd3 Nc6 5. c3 Bd6 6. Nf3 Nge7 7. Qc2 Bg4 8. Nbd2 Qd7 9. 0-0 Bf5 10. Re1 0-0 11. b4 a6 12. Nb3 b6 13. Ne5 Bxe5 14. dxe5 Bxd3 15. Qxd3 f6 16. exf6 Rxf6 17. Bg5 Rf7 18. Rad1 h6 19. Bxe7 Nxe7 20. c4 Raf8 21. Rd2 Qg4 22. cxd5 Qxb4 23. Re4 Qa3 24. Re6 Nf5 25. Qe2 a5 26. Re8 Rxe8 27. Qxe8+ Qf8 28. Qb5 Nd6 29. Qd3 Qe8 30. Re2 Re7 31. Kf1 Rxe2 32. Qxe2 Qe4 33. Qd1 Qc4+ 34. Kg1 a4 35. Nc1 Ne4 36. Ne2 Qxa2 37. f3 Qd2 38. Qxd2 Nxd2 39. Nc3 a3 40. Kf2 Nb3 41. Na2 Kf7 42. Ke3 Ke7 43. Kd3 Kd6 44. Kc4 Nd2+ 45. Kd3 Nb3 46. Kc3 Na5 47. Kd4 b5 48. Nb4 c5+ 49. dxc6 Nxc6+ 0-1

[Event "East Asia-ch U14/18 Girls 3rd"]
[Site "Shanghai"]
[Date "2018.08.09"]
[Round "9.3"]
[White "Guo, Shuo"]
[Black "Tsogzolmaa, Nanjid"]
[Result "1/2-1/2"]
[WhiteElo "1916"]
[BlackElo "1792"]
[PlyCount "28"]
[EventDate "2018.08.02"]
[EventType "swiss"]
[EventRounds "9"]
[EventCountry "CHN"]
[SourceTitle "EXT 2022"]
[Source "ChessBase"]
[SourceDate "2021.10.06"]
[SourceVersion "1"]
[SourceVersionDate "2021.10.06"]
[SourceQuality "1"]

1. e4 e6 2. d4 d5 3. exd5 exd5 4. Bd3 Nc6 5. c3 Bd6 6. h3 Nge7 7. Nf3 h6 8. 0-0 0-0 9. Qc2 Be6 10. Re1 Re8 11. Nbd2 Qd7 12. Ne5 Bxe5 13. dxe5 Rad8 14. a3 Bf5 1/2-1/2

[Event "East Asia-ch U14/18 Girls 3rd"]
[Site "Shanghai"]
[Date "2018.08.06"]
[Round "7.2"]
[White "Karenza, Dita"]
[Black "Tsogzolmaa, Nanjid"]
[Result "1-0"]
[WhiteElo "1975"]
[BlackElo "1792"]
[PlyCount "79"]
[EventDate "2018.08.02"]
[EventType "swiss"]
[EventRounds "9"]
[EventCountry "CHN"]
[SourceTitle "EXT 2022"]
[Source "ChessBase"]
[SourceDate "2021.10.06"]
[SourceVersion "1"]
[SourceVersionDate "2021.10.06"]
[SourceQuality "1"]

1. e4 e6 2. Qe2 d5 3. exd5 Qxd5 4. Nf3 Nf6 5. g3 Be7 6. Bg2 0-0 7. 0-0 Qd8 8. d4 c5 9. Rd1 Qb6 10. c4 cxd4 11. Nxd4 Rd8 12. Nb3 Rxd1+ 13. Qxd1 Bd7 14. Be3 Qc7 15. Nc3 a6 16. Bf4 Qc8 17. Bd6 Bxd6 18. Qxd6 Ne8 19. Qc5 Bc6 20. Rd1 Nd7 21. Qe7 Nef6 22. Bxc6 Qxc6 23. Rd6 Qc8 24. Ne4 h6 25. Na5 Rb8 26. c5 Nf8 27. Nxf6+ gxf6 28. c6 Ng6 29. Qxf6 Qf8 30. Rd7 bxc6 31. Nxc6 Rc8 32. Nd8 Nh8 33. Nxf7 Nxf7 34. Qxe6 Rc1+ 35. Kg2 Qa8+ 36. Kh3 Qf3 37. Qg6+ Kf8 38. Rxf7+ Qxf7 39. Qxh6+ Ke7 40. Qxc1 1-0

[Event "World School-ch U13 Girls"]
[Site "Sochi"]
[Date "2016.12.06"]
[Round "4"]
[White "Tsogzolmaa, Nanjid"]
[Black "Surkova, Ekaterina"]
[Result "1-0"]
[WhiteElo "1394"]
[BlackElo "1552"]
[PlyCount "77"]
[EventDate "2016.12.03"]
[EventType "swiss"]
[EventRounds "9"]
[EventCountry "RUS"]
[SourceTitle "EXT 2018"]
[Source "ChessBase"]
[SourceDate "2017.10.13"]
[SourceVersion "1"]
[SourceVersionDate "2017.10.13"]
[SourceQuality "1"]

1. e4 c5 2. Nf3 e6 3. d4 cxd4 4. Nxd4 a6 5. Nc3 Qc7 6. Be3 Nc6 7. Bd3 Nf6 8. 0-0 Bd6 9. h3 0-0 10. a3 b6 11. Qd2 Nxd4 12. Bxd4 Bf4 13. Qe2 e5 14. Be3 Bxe3 15. Qxe3 Bb7 16. Rfe1 Rac8 17. Rad1 b5 18. Qf3 Qc5 19. Ne2 d5 20. Ng3 dxe4 21. Nxe4 Bxe4 22. Bxe4 Nxe4 23. Qxe4 Qxc2 24. Qxe5 Qc5 25. Rd6 a5 26. Rd5 Qc6 27. Red1 Rfe8 28. Qf5 Rb8 29. Rd7 f6 30. Qg4 g5 31. Qf5 Qe4 32. Qxf6 Qg6 33. Qf3 Rb6 34. Ra7 a4 35. Rdd7 h6 36. Qc3 Rf6 37. Qc7 Kf8 38. Rh7 Qg8 39. Qc5+ 1-0

[Event "Ulaanbaatar Ikh Nuudel op"]
[Site "Ulaanbaatar"]
[Date "2016.10.04"]
[Round "8"]
[White "Tsogzolmaa, Nanjid"]
[Black "Temuujin, Kherlen"]
[Result "0-1"]
[WhiteElo "1376"]
[BlackElo "1610"]
[PlyCount "80"]
[EventDate "2016.09.29"]
[EventType "swiss"]
[EventRounds "9"]
[EventCountry "MGL"]
[SourceTitle "CBM 174 Extra"]
[Source "ChessBase"]
[SourceDate "2016.10.10"]
[SourceVersion "1"]
[SourceVersionDate "2016.10.10"]
[SourceQuality "1"]

1. e4 e6 2. d4 d5 3. Nc3 dxe4 4. Nxe4 Nf6 5. Nc3 h6 6. Nf3 Bb4 7. Bd2 Nc6 8. Bb5 Bd7 9. 0-0 0-0 10. Ne2 Bxd2 11. Qxd2 Qe7 12. Ng3 Rad8 13. Bc4 b6 14. Rfe1 Bc8 15. c3 Na5 16. Bd3 Qd6 17. Qc2 c5 18. Rad1 c4 19. Be4 Nxe4 20. Nxe4 Qc7 21. Re2 Nc6 22. h3 Ne7 23. Ng3 Bb7 24. Nh2 Qc6 25. f3 Qc7 26. Nh5 Rd5 27. Nf6+ gxf6 28. Ng4 Kg7 29. Qd2 Rh8 30. Rde1 h5 31. Ne3 Rd7 32. Nf1 Ng6 33. Nh2 e5 34. Nf1 exd4 35. cxd4 Qf4 36. Ne3 Rhd8 37. Qc2 Qxd4 38. Kh1 Qd3 39. Qc1 Kh7 40. Rf2 Re7 0-1